Dự án cấp nước đô thị Việt Nam. Khuôn khổ chính sách tái định cư (Bản thảo)

Guardado en:
Detalles Bibliográficos
Autor Corporativo: Bộ xây dựng (Việt Nam)
Formato: Libro
Lenguaje:Undetermined
Publicado: Washington DC The World Bank 2004
Etiquetas: Agregar Etiqueta
Sin Etiquetas, Sea el primero en etiquetar este registro!
Thư viện lưu trữ: Trung tâm Học liệu Trường Đại học Cần Thơ
LEADER 00516nam a2200157Ia 4500
001 CTU_62730
008 210402s9999 xx 000 0 und d
082 |a 363.7 
082 |b S678 
110 |a Bộ xây dựng (Việt Nam) 
245 0 |a Dự án cấp nước đô thị Việt Nam. 
245 0 |b Khuôn khổ chính sách tái định cư (Bản thảo) 
260 |a Washington DC 
260 |b The World Bank 
260 |c 2004 
980 |a Trung tâm Học liệu Trường Đại học Cần Thơ